01638nam a2200301 a 450000100100000000500170001000800410002704000250006808200200009310000390011324500720015226000360022430000270026049000160028758600240030359000260032765000280035365000310038170000480041283000230046091000420048395202080052595202110073395201330094495201180107795201240119599900170131900001069220250129121827.0091009s1984 dr a r 000 p spa d aDO-SdBNPbspacBNPHU aRD861.44bM632u1 aMieses, Juan Carlos,d1947-92547210aUrbi et Orbi /cJuan Carlos Mieses ; edición Freddy Gatón Arce. aSanto Domingo :bTaller,c1984. a74 p. :bil. ;c23 cm.1 aPoesíav5 aPremio Siboney 1983 aInventariado, 2018/BT 0aPoesía dominicana966 0aLiteratura dominicana.9671 aGatón Arce, Freddy,d1920-1994eed.97946 0aPoesían5925893 aValidado. Control de calidad. MMOLINA 001054708DSaGRbGRcHDd2009-10-09iLF1l0oRD861.44 M632up10692-30r2020-06-25te. 3w2020-06-25yLFDSzPerteneció a la biblioteca personal de Juan Isidro Jiménez Grullón.ZPréstamo en sala 001054708DSaGRbGRcHDd2011-07-13iLF1l0oRD861.44 M632up10692-40r2020-06-25te. 4w2020-06-25yLFDSzPerteneció a la biblioteca perosnal de Chiqui Vicioso / Fidelio Despradel.ZPréstamo en sala 001054708DSaGRbGRcHDd2015-07-16iLF1l0oRD861.44 M632up10692-50r2020-06-25te. 5w2020-06-25yLFDSZPréstamo en sala 0010718PDaPDbPDcHDd2009-10-09iLF1l0oRD861.44 M632up10692-10r2020-06-25w2020-06-25yLFPDZNo se presta 0010718PDaPDbPDcHDd2009-10-09iLF1l0oRD861.44 M632up10692-20r2020-06-25te. 2w2020-06-25yLFPDZNo se presta c10447d10447